Los pulmones de Juan.
Guardado en:
| Formato: | |
|---|---|
| Series: | Selecciones del Reader's Digest
|
| Materias: | |
| Etiquetas: |
Agregar Etiqueta
Sin Etiquetas, Sea el primero en etiquetar este registro!
|
| LEADER | 00938ngm a22002895g 4500 | ||
|---|---|---|---|
| 001 | CEM.cems021715 | ||
| 008 | 130507b1992##################0###0#####d | ||
| 005 | 20240904174846.0 | ||
| 245 | 0 | 0 | |a Los pulmones de Juan. |
| 300 | |a 24 | ||
| 490 | 0 | |a Selecciones del Reader's Digest | |
| 500 | |a En soporte VHS, consultar en ventanilla. | ||
| 505 | 0 | |a Lóbulos pulmonares. Alvéolos. Tabaquismo. Polución ambiental: influencias sobre los pulmones. | |
| 538 | |a Soporte: VHS - Norma: Pal N - Color - Grabación DRD 1992 - Hitachi=3160 | ||
| 082 | 6 | 1 | |/ GOR |
| 653 | |a ANATOMIA | ||
| 653 | |a FISIOLOGIA | ||
| 653 | |a TABAQUISMO | ||
| 653 | |a APARATO RESPIRATORIO | ||
| 653 | |a PULMONES | ||
| 653 | |a ENFERMEDADES | ||
| 653 | |a BIOLOGIA | ||
| 653 | |a LOBULOS PULMONARES | ||
| 653 | |a POLUCION AMBIENTAL | ||
| 653 | |a NIVEL PRIMARIO | ||
| 653 | |a NIVEL SECUNDARIO | ||
| 859 | |a CEMS |b BIB. CEMS - Depto. Recursos Didacticos |h 612 |i GOR |k DRD |p 358.12 |t Ej.1 | ||
